| 000 | 00860nam0a2200289 4500 | ||
|---|---|---|---|
| 001 | RU\NLR\bibl\76929 | ||
| 005 | 20250616102201.0 | ||
| 010 |
_a5-02-017929-9 _92000 |
||
| 021 |
_aRU _b1998-49797 _92399 |
||
| 035 | _a(NLR Aleph) 000075092 | ||
| 090 |
_a415859 _c415859 |
||
| 100 | _a20000324d1998 |||y0rusy50 ca | ||
| 101 | 1 |
_arus _cjpn |
|
| 102 | _aRU | ||
| 105 | _ay ||||||||| | ||
| 200 | 1 |
_aПовесть о сыне Гаку _fМакото Сиина _g[Пер. с яп., предисл. Г.Г. Свиридова] |
|
| 210 |
_aМ. _c"Вост. лит." РАН _d1998 |
||
| 215 |
_a109,[2] с. _d20 |
||
| 686 | _aШ6(5Я)67-4 | ||
| 700 | 1 |
_aСиина _bМ. _gМакото _4070 |
|
| 801 | 0 |
_aRU _bNLR _c20000324 _gPSBO |
|
| 801 | 1 |
_aRU _bNLR _c20000324 |
|
| 852 |
_aNLR _j2000-3/149 |
||
| 942 | _cBOOK | ||
| 980 | _aNB | ||